| 000 | 00629nam a2200217 a 4500 | ||
|---|---|---|---|
| 001 | BRCA_1925 | ||
| 005 | 20190320203614.0 | ||
| 008 | 010704s2000 sp-#---##d---#000-0#spa-d | ||
| 020 | _a8449415128 | ||
| 040 |
_aXRW _bspa _cXRW |
||
| 050 | 4 |
_aPC4640 _b.D53 2000 |
|
| 245 | 1 | 0 | _aDiccionario inglés-español. |
| 260 |
_aBarcelona _bOceano Grupo Editorial _cc2000 |
||
| 300 |
_a467 p. _c15 cm. |
||
| 440 | 0 |
_aNuevo Equipo Didáctico Oceano _95932 |
|
| 500 | _aIncluye gramática inglesa | ||
| 650 | 1 | 4 |
_aInglés _vDiccionarios _xEspañol _95933 |
| 650 | 1 | 4 |
_aEspañol _vDiccionarios _xInglés _95934 |
| 902 | _aREF | ||
| 942 |
_2lcc _cB |
||
| 999 |
_c1697 _d1697 |
||